000 00437nam a2200193Ia 4500
005 20251020182615.0
008 200515s9999 xx 000 0 und d
082 _aSC/693.1(85)/P45
110 _aIninvi
245 0 _aNormas Técnicas de Edificación : albañilería
260 _aLima
260 _c1982
300 _a33
650 _aALBAÑILERIA
650 _aE-70
650 _aNORMAS
650 _aPUB ININVI
942 _cLIB
999 _c3473
_d3473